Traduction de Verbes irréguliers en Anglais Aléatoire - Statistiques

Statistiques générales
  • Ce quiz a été pris 45 fois
  • Le résultat moyen est 17 sur 30
Statistiques - réponses
Base verbale Préterit Participe passé Traduction % Correct
go went gone a{ller}
100%
learn learnt learnt a{pprendre}
100%
catch caught caught a{ttraper}
100%
have had had a{voir}
100%
hurt hurt hurt b{lesser}
100%
drink drank drunk b{oire}
100%
shine shone shone b{riller}
100%
burn burnt, burned burnt, burned b{rûler}
100%
break broke broken c{asser}
100%
understand understood understood c{omprendre}
100%
cut cut cut c{ouper}
100%
run ran run c{ourir}
100%
spend spent spent d{épenser}
100%
become became become d{evenir}
100%
sleep slept slept d{ormir}
100%
hear heard heard e{ntendre}
100%
send sent sent e{nvoyer}
100%
spoil spoilt spoilt g{âcher}
100%
win won won g{agner}
100%
keep kept kept g{arder}
100%
freeze froze frozen g{eler}
100%
grow grew grown g{randir}
100%
forbid forbade forbidden i{nterdire}
100%
read read read l{ire}
100%
eat ate eaten m{anger}
100%
put put put m{ettre}
100%
show showed shown m{ontrer}
100%
bite bit bitten m{ordre}
100%
forget forgot forgotten o{ublier}
100%
forgive forgave forgiven p{ardonner}
100%
bet bet bet p{arier}
100%
leave left left p{artir}
100%
lay laid laid p{oser}
100%
take took taken p{rendre}
100%
meet met met r{encontrer}
100%
bleed bled bled s{aigner}
100%
sit sat sat s'a{sseoir}
100%
swing swung swung se b{alancer}
100%
fight fought fought se b{attre}
100%
shake shook shaken s{ecouer}
100%
smell smelt smelt s{entir}
100%
ring rang rung s{onner}
100%
sweat sweat sweat s{uer}
100%
shoot shot shot t{irer}
100%
spin spun spun t{ourner}
100%
slay slew slain t{uer}
100%
come came come v{enir}
100%
see saw seen v{oir}
100%
steal stole stolen v{oler}
100%
begin began begun c{ommencer}
83%
wake woke woken r{éveiller}
83%
buy bought bought a{cheter}
80%
light lit, lighted lit, lighted a{llumer}
80%
be was, were been ê{tre}
80%
strike struck stricken f{rapper}
80%
swim swam swum n{ager}
80%
beat beat beaten b{attre}
75%
hide hid hidden c{acher}
75%
build built built c{onstruire}
75%
draw drew drawn d{essiner}
75%
slide slid slid g{lisser}
75%
clothe clad, clothed clad, clothed h{abiller}
75%
rise rose risen l{ever}
75%
pay paid paid p{ayer}
75%
can could could p{ouvoir}
75%
quit quit quit q{uitter}
75%
hold held held t{enir}
75%
find found found t{rouver}
75%
awake awoke awoken se r{éveiller}
71%
stick stuck stuck c{oller}
67%
drive drove driven c{onduire}
67%
know knew known c{onnaître}
67%
cost cost cost c{oûter}
67%
rend rent rent d{échirer}
67%
say said said d{ire}
67%
write wrote written é{crire}
67%
spell spelt spelt é{peler}
67%
stand stood stood ê{tre} {debout}
67%
do did done f{aire}
67%
shut shut shut f{ermer}
67%
swell swelled swolled g{onfler}
67%
swear swore sworn j{urer}
67%
wet wet wet m{ouiller}
67%
think thought thought p{enser}
67%
prove proved proven p{rouver}
67%
relay relaid relayer r{elayer}
67%
dream dreamt, dreamed dreamt, dreamed r{êver}
67%
fall fell fallen t{omber}
67%
fly flew flown v{oler}
67%
ride rode ridden m{onter} (vélo, cheval)
60%
feel felt felt r{essentir}
60%
forsake forsook forsaken a{bandonner}
50%
bring brought brought a{pporter}
50%
shoe shod shod c{hausser}
50%
seek sought sought c{hercher}
50%
tear tore torn d{échirer}
50%
give gave given d{onner}
50%
split split split f{endre}
50%
set set set f{ixer}
50%
feed fed fed n{ourrir}
50%
get got gotten o{btenir}
50%
speak spoke spoken p{arler}
50%
bend bent bent p{lier}
50%
dive dived dived, dove p{longer}
50%
wear wore worn p{orter}
50%
spill spilt spilt r{enverser}
50%
lie lay lain s'a{llonger}
50%
blow blew blown s{ouffler}
50%
plead pled pled s{upplier}
50%
dig dug dug c{reuser}
40%
breed bred bred é{lever} (des animaux)
40%
sink sank sunken c{ouler}
33%
cast cast cast d{istribuer} (rôles)
33%
teach taught taught e{nseigher}
33%
fling flung flung l{ancer}
33%
bear bore borne, born n{aître}
33%
kneel knelt knelt s'a{genouiller}
33%
saw saw sawn s{cier}
33%
mean meant meant s{ignifier}
33%
lean leant leant s'i{ncliner}
33%
hang hung hung t{enir}
33%
mow mowed mown, mowed t{ondre}
33%
sweep swept swept b{alayer}
25%
rid rid rid d{ébarasser}
25%
slit slit slit f{endre}
25%
stink stank stunk p{uer}
25%
creep crept crept r{amper}
25%
sow sowed sown s{emer}
25%
hit hit hit t{aper}
25%
speed sped sped a{ller} {vite}
20%
burst burst burst é{clater}
20%
chide chid, chode chid, chidden g{ronder}
20%
weep wept wept p{leurer}
20%
flee fled fled s'e{nfuir}
17%
sing sang sung c{hanter}
0%
choose chose chose c{hoisir}
0%
offset offset offset c{ompenser}
0%
typeset typeset typeset c{omposer}
0%
spit spat spat c{racher}
0%
broadcast broadcast broadcast d{iffuser}
0%
deal dealt dealt d{istribuer}
0%
thrust thrust thrust e{nfoncer}
0%
beget begat, begot begotten e{ngendrer}
0%
wind wound wound e{nrouler}
0%
strew strewed strewn é{parpiller}
0%
make made made f{abriquer}
0%
dwell dwelt dwelt, dwelled h{abiter}
0%
throw threw thrown j{eter}
0%
lead led led m{eneer}
0%
grind ground ground m{oudre}
0%
bid bid, bade bid, bidden o{ffrir}
0%
lose lost lost p{erdre}
0%
let let let p{ermettre}
0%
tread trod trodden p{iétiner} {quelque} {chose}
0%
sting stung stung p{iquer}
0%
partake partook partaken p{rendre} {par} {à}
0%
foresse foresaw foreseen p{ressentir}
0%
lend lent lent p{rêter}
0%
forecast forecast forecast p{révoir}
0%
preset preset preset p{rogrammer}
0%
thrive throve thriven p{rospérer
0%
shed shed shed r{épandre}
0%
spread spread spread r{épandre}
0%
abide abode abode r{especter}
0%
cling clung clung s'a{ccrocher}
0%
leap leapt leapt s{auter}
0%
strive strove striven s'e{fforcer}
0%
slink slunk slunk s'e{n} {aller} {furtivement}
0%
withdraw withdrew withdrawn se r{étirer}
0%
undergo underwent undergone s{ubir}
0%
spring sprang sprung s{urgir}
0%
overcome overcame overcome s{urmonter}
0%
arise arose arisen s{urvenir}
0%
wring wrung wrung t{ordre}
0%
sell sold sold v{endre}
0%
Aucun quiz correspondant
Distribution des résultats
% des personnes avec chaque résultat
Percentile par nombre de réponses
Votre historique - résultats
Vous n’avez pas pris ce quiz